| 000 | 00572nam a22001697a 4500 | ||
|---|---|---|---|
| 008 | 230524b |||||||| |||| 00| 0 eng d | ||
| 020 | _a81-7648-528-4 | ||
| 040 |
_aNational Science Library _cNational Science Library |
||
| 080 |
_a574.3 _bP4 |
||
| 245 | _aजनसँख्या, पर्यावरण एवं विकास | ||
| 246 | _aPopulation, environment and development | ||
| 260 |
_aNew Delhi: _bA P H Publishing House, _c2004 |
||
| 300 | _a406p. | ||
| 650 | _aEnvironmental science | ||
| 700 | _aMishra, Dinesh Kumar (Comp.) | ||
| 942 |
_2udc _cHBK |
||
| 999 |
_c51433 _d51433 |
||